textos entre textos Las conexiones textuales en la formación del lector

Saved in:
Bibliographic Details
Main Author: Mendoza Fillola, Antonio coordinador (coordinador)
Format: Unknown
Language:English
Spanish
Published: Barcelona, España Horsori 2008
Edition:Primera edición
Series:Colección Seminarios v.13
Subjects:
Tags: Add Tag
No Tags, Be the first to tag this record!

MARC

LEADER 00000 a2200000 4500
003 CL-VaPUC
005 20211124173645.0
008 200117b ||||| |||| 00| 0 eng d
999 |c 167665  |d 167663 
020 |a 9788496108554 
040 |c Pontificia Universidad Católica de Valparaíso 
041 0 |a spa 
082 |a 809 MEN 2008 
100 |a Mendoza Fillola, Antonio  |q coordinador  |e coordinador  |9 222244 
245 1 0 |a  textos entre textos  |b Las conexiones textuales en la formación del lector 
250 |a Primera edición 
260 3 |b Horsori  |c 2008  |a Barcelona, España 
300 |a 190 páginas 
490 0 0 |a Colección Seminarios  |v v.13 
505 0 |a 1. Rasgos del álbum metaficcional. 2. Función de la ilustración en el álbum ilustrado. 3. Calvina: un personaje queer transeúnte de la intertextualidad. 4. Textos dentro de textos. 5. Cómo leemos en la era de Bill Gates? 6. El mito en la educación literaria. 7. La incidencia del tópico literario en el proceso de interpretación textual. 8. El porqué de los enigmas. 9. Estrategias de recepción del texto poético. 10. El registro de lectura. 11. Las tensiones pedagógicas en la promoción de la lectura. 12. Lectura literaria y formación inicial. 
583 |k Sandra Vasquez  |c 20200117 
650 0 0 |a Intertextualidad   |9 456063 
650 0 0 |a Fomento de la lectura  |9 550607 
942 |2 ddc  |c BK 
952 |0 0  |1 0  |2 ddc  |4 0  |6 809_000000000000000_MEN_2008  |7 0  |8 A  |9 495884  |a BIBEDU  |b BIBEDU  |d 2020-01-08  |e 59  |g 24896.00  |i 5571928  |l 1  |o 809 MEN 2008  |p 5571928  |r 2023-09-12  |s 2023-09-12  |t 1  |v 24896.00  |w 2020-01-08  |y BK  |k LIT